[Event "Wuertemberg-ch U16/18 Girls"]
[Site "Germany"]
[Date "2004.04.14"]
[Round "3"]
[White "Hafner, Katrin"]
[Black "Abb, Sabine"]
[Result "1-0"]
[WhiteElo "1380"]
[BlackElo "1410"]
[PlyCount "65"]
[EventDate "2004.04.??"]
[EventType "swiss"]
[EventRounds "7"]
[EventCountry "GER"]
[SourceTitle "EXT 2005"]
[Source "ChessBase"]
[SourceDate "2004.11.15"]
[SourceVersion "1"]
[SourceVersionDate "2004.11.15"]
[SourceQuality "1"]

1. e4 e5 2. Nf3 Nc6 3. d4 exd4 4. Nxd4 Nxd4 5. Qxd4 b6 6. Nc3 Bb7 7. Bc4 Ne7 8. 0-0 c5 9. Qd3 Nc6 10. Bf4 Be7 11. Rad1 Bc8 12. Nb5 0-0 13. c3 Bg5 14. Bd6 Be7 15. f4 Bxd6 16. Nxd6 Na5 17. Qd5 Nxc4 18. Qxa8 Ne3 19. Qxa7 Nxf1 20. Kxf1 Qh4 21. Qxb6 Qxh2 22. Qxc5 Qxf4+ 23. Kg1 Ba6 24. c4 h6 25. b4 Qg5 26. Qxg5 hxg5 27. b5 Bc8 28. a4 g6 29. e5 f6 30. exf6 Kh7 31. Nxc8 Rxc8 32. Rxd7+ Kg8 33. b6 1-0